SNL Politics Quiz Stats

 Plays Quiz Updated Mar 5, 2019

Score 0/18 Timer 04:00
7 Plays Today
Political Figure SNL Cast Member % Correct
Sarah PalinTina Fey
94.9%
Al GoreWill Ferrell, Darrell Hammond
88.7%
George W. BushWill Ferrell, Will Forte
85.6%
Bill ClintonPhil Hartman, Darrell Hammond, Michael McKean
77%
George H. W. BushDana Carvey, Jim Downey, Fred Armisen
73.3%
Donald TrumpAlec Baldwin, Darrell Hammond, Phil Hartman, Taran Killam
71.5%
Hillary ClintonAmy Poehler, Ana Gasteyer, Vanessa Bayer, Kate McKinnon
67.9%
Bernie SandersLarry David
57.5%
Gerald FordChevy Chase
49.9%
Political Figure SNL Cast Member % Correct
Bob DoleNorm MacDonald, Dan Aykroyd
37.5%
Richard M. NixonDan Aykroyd
31.8%
Martin O'MalleyTaran Killam
29.4%
John KerrySeth Meyers
28%
Joseph BidenKevin Nealon, Jason Sudeikis
27.4%
Michael DukakisJon Lovitz
22.8%
Barack ObamaFred Armisen, Jay Pharoah
19%
Lincoln ChaffeeKyle Mooney
15.2%
Joe LiebermanChris Parnell
12%

You're not logged in!

Compare scores with friends on all Sporcle quizzes.
OR
Log In

Sporcle TV

Today on Sporcle TV


Watch our educational content, quiz creation guides, and fun videos on Sporcle TV.

Show Comments

Extras

Top Quizzes Today


Score Distribution

Your Account Isn't Verified!

In order to create a playlist on Sporcle, you need to verify the email address you used during registration. Go to your Sporcle Settings to finish the process.

Report this User

Report this user for behavior that violates our Community Guidelines.

Details: